Normal view
MARC view
Entry Personal Name
001 - CONTROL NUMBER
- control field: 3978
003 - CONTROL NUMBER IDENTIFIER
- control field: PK-LaUMT
005 - DATE AND TIME OF LATEST TRANSACTION
- control field: 20250103112816.0
008 - FIXED-LENGTH DATA ELEMENTS
- fixed length control field: 250103|| aca||aabn | a|a d
040 ## - CATALOGING SOURCE
- Original cataloging agency: PK-LaUMT
- Transcribing agency: PK-LaUMT
100 ## - HEADING--PERSONAL NAME
- Personal name: Imam Jalal ud Din Siyuti = امام جلال الدین سیوطی
670 ## - SOURCE DATA FOUND
- Source citation: Work cat.: (PK-LaUMT)136482: Imam Jalal ud Din Siyuti = امام جلال الدین سیوطی, Noor us sodoor fi sharah alqaboor = نور الصدور فی شرح القبور /, NA
